Fundamentals of C and Data Structures (Record no. 60192)
[ view plain ]
| 000 -LEADER | |
|---|---|
| fixed length control field | 00528nam a22002057a 4500 |
| 005 - DATE & TIME | |
| control field | 20260131153559.0 |
| 008 - FIXED-LENGTH DATA ELEMENTS--GENERAL INFORMATION | |
| fixed length control field | 260131b |||||||| |||| 00| 0 eng d |
| 020 ## - ISBN | |
| International Standard Book Number | 9789354661235 |
| Price | 695.00 |
| 040 ## - CATALOGING SOURCE | |
| Original cataloging agency | Doon University |
| 041 ## - Language | |
| Language | English |
| 082 ## - DDC NUMBER | |
| Classification number | 005.133 |
| Book Number | KAR |
| 100 ## - MAIN ENTRY--PERSONAL NAME | |
| Personal name | Karegowda , Asha Gowda |
| 245 ## - TITLE STATEMENT | |
| Title | Fundamentals of C and Data Structures |
| 260 ## - PUBLICATION, DISTRIBUTION, ETC. (IMPRINT) | |
| Place of publication, distribution, etc | New Delhi |
| Name of publisher, distributor, etc | CBS |
| Date of publication, distribution, etc | 2023 |
| 300 ## - PHYSICAL DESCRIPTION | |
| Pages | 768 |
| 650 ## - Subject | |
| Subject | Computer Science |
| 700 ## - Added Entry Personal Name | |
| Added Entry Personal Name | Bhargavi, K.T |
| 700 ## - Added Entry Personal Name | |
| Added Entry Personal Name | Roopa, T. |
| 942 ## - ADDED ENTRY ELEMENTS (KOHA) | |
| Koha item type | Books |
| 100 ## - MAIN ENTRY--PERSONAL NAME | |
| -- | 26144 |
| 700 ## - Added Entry Personal Name | |
| -- | 26145 |
| 700 ## - Added Entry Personal Name | |
| -- | 26146 |
| 952 ## - LOCATION AND ITEM INFORMATION (KOHA) | |
| -- | 2026-01-31 |
| 952 ## - LOCATION AND ITEM INFORMATION (KOHA) | |
| -- | 2026-01-31 |
| 952 ## - LOCATION AND ITEM INFORMATION (KOHA) | |
| -- | 2026-01-31 |
| 952 ## - LOCATION AND ITEM INFORMATION (KOHA) | |
| -- | 2026-01-31 |
| 952 ## - LOCATION AND ITEM INFORMATION (KOHA) | |
| -- | 2026-01-31 |
| Withdrawn status | Lost status | Source of classification or shelving scheme | Damaged status | Not for loan | Location (home branch) | Sublocation or collection (holding branch) | Date acquired | Koha full call number | Accession No. | Koha date last seen | Koha item type | Koha issues (times borrowed) |
|---|---|---|---|---|---|---|---|---|---|---|---|---|
| Not For Loan | Doon University | Doon University | 31.01.2026 | 005.133 KAR | 51857 | 31.01.2026 | Reference | |||||
| Doon University | Doon University | 31.01.2026 | 005.133 KAR | 51858 | 31.01.2026 | Books | ||||||
| Doon University | Doon University | 31.01.2026 | 005.133 KAR | 51859 | 31.01.2026 | Books | ||||||
| Doon University | Doon University | 31.01.2026 | 005.133 KAR | 51855 | 31.01.2026 | Books | ||||||
| Doon University | Doon University | 31.01.2026 | 005.133 KAR | 51856 | 31.01.2026 | Books |